000 00310nam a2200145Ia 4500
100 _aMurray/W.H
942 _cBK
654 _aComputer
245 _aWindows 95 and NT Programming
260 _bAP Professional
_aNew york
_c1996
082 _a5.133
_bMUR
300 _a519
546 _aENGLISH
999 _c30944
_d30944